Normal view
MARC view
- Mufti Muhammad Taqi Usmani
Entry Personal Name
001 - CONTROL NUMBER
- control field: 51149
003 - CONTROL NUMBER IDENTIFIER
- control field: NUST
005 - DATE AND TIME OF LATEST TRANSACTION
- control field: 20210314134923.0
008 - FIXED-LENGTH DATA ELEMENTS
- fixed length control field: 210314|| aca||aabn | a|a d
040 ## - CATALOGING SOURCE
- Original cataloging agency: NUST
- Transcribing agency: NUST
100 ## - HEADING--PERSONAL NAME
- Personal name: Mufti Muhammad Taqi Usmani
670 ## - SOURCE DATA FOUND
- Source citation: Work cat.: (NUST): Mufti Muhammad Taqi Usmani, NOBLE QURAN, 2008
